[Event "25th 4NCL Congress"]
[Site "Leamington Spa, United Kingdom"]
[Date "2021.07.11"]
[Round "5.1"]
[White "Willow, Jonah B"]
[Black "Wall, Tim P"]
[Result "1-0"]
[TimeControl "All moves in 90 minutes + 30 seconds per move"]
[WhiteElo "2386"]
[BlackElo "2245"]

1. e4 {[%clk 01:30:59]} d6 {[%clk 01:28:28]} {[%emt 00:02:32]} 2. d4 {[%clk
01:31:14]} {[%emt 00:00:15]} Nf6 {[%clk 01:28:35]} {[%emt 00:00:23]} 3. Nc3
{[%clk 01:31:37]} {[%emt 00:00:06]} e5 {[%clk 01:28:44]} {[%emt 00:00:21]} 4.
Nf3 {[%clk 01:31:59]} {[%emt 00:00:09]} exd4 {[%clk 01:28:56]} {[%emt
00:00:19]} 5. Nxd4 {[%clk 01:32:01]} {[%emt 00:00:28]} Be7 {[%clk 01:29:13]}
{[%emt 00:00:13]} 6. Bd3 {[%clk 01:30:05]} {[%emt 00:02:25]} O-O {[%clk
01:28:49]} {[%emt 00:00:55]} 7. O-O {[%clk 01:30:16]} {[%emt 00:00:19]} Nc6
{[%clk 01:21:11]} {[%emt 00:08:08]} 8. Nxc6 {[%clk 01:29:31]} {[%emt 00:01:15]}
bxc6 {[%clk 01:21:25]} {[%emt 00:00:16]} 9. f4 {[%clk 01:28:56]} {[%emt
00:01:05]} Re8 {[%clk 01:19:55]} {[%emt 00:02:00]} 10. Qf3 {[%clk 01:26:54]}
{[%emt 00:02:33]} Bf8 {[%clk 01:14:45]} {[%emt 00:05:40]} 11. Bd2 {[%clk
01:24:54]} {[%emt 00:02:30]} Rb8 {[%clk 01:11:10]} {[%emt 00:04:05]} 12. b3
{[%clk 01:23:46]} {[%emt 00:01:38]} d5 {[%clk 01:06:53]} {[%emt 00:04:47]} 13.
e5 {[%clk 01:20:22]} {[%emt 00:03:54]} Nd7 {[%clk 01:03:08]} {[%emt 00:04:15]}
14. Rae1 {[%clk 01:18:38]} {[%emt 00:02:14]} g6 {[%clk 00:59:43]} {[%emt
00:03:54]} 15. Kh1 {[%clk 01:13:05]} {[%emt 00:06:03]} Bg7 {[%clk 00:56:37]}
{[%emt 00:03:36]} 16. Qg3 {[%clk 01:06:15]} {[%emt 00:07:21]} Bb7 {[%clk
00:50:26]} {[%emt 00:06:42]} 17. Nd1 {[%clk 00:53:19]} {[%emt 00:13:25]} c5
{[%clk 00:44:51]} {[%emt 00:06:05]} 18. Nf2 {[%clk 00:52:42]} {[%emt 00:01:07]}
Bc6 {[%clk 00:34:04]} {[%emt 00:11:17]} 19. Nh3 {[%clk 00:49:27]} {[%emt
00:03:45]} Bb5 {[%clk 00:31:28]} {[%emt 00:03:06]} 20. Bxb5 {[%clk 00:40:08]}
{[%emt 00:09:50]} Rxb5 {[%clk 00:31:51]} {[%emt 00:00:06]} 21. Ng5 {[%clk
00:36:35]} {[%emt 00:04:03]} Rb6 {[%clk 00:29:09]} {[%emt 00:03:12]} 22. Qd3
{[%clk 00:28:52]} {[%emt 00:08:13]} h6 {[%clk 00:23:16]} {[%emt 00:06:24]} 23.
Nf3 {[%clk 00:28:42]} {[%emt 00:00:39]} d4 {[%clk 00:18:01]} {[%emt 00:05:45]}
24. Ba5 {[%clk 00:26:03]} {[%emt 00:03:09]} Rbe6 {[%clk 00:15:19]} {[%emt
00:03:13]} 25. b4 {[%clk 00:18:30]} {[%emt 00:08:03]} g5 {[%clk 00:12:42]}
{[%emt 00:03:06]} 26. bxc5 {[%clk 00:09:07]} {[%emt 00:09:54]} Nxc5 {[%clk
00:06:57]} {[%emt 00:06:15]} 27. Qxd4 {[%clk 00:08:41]} {[%emt 00:00:56]} Qxd4
{[%clk 00:07:04]} {[%emt 00:00:22]} 28. Nxd4 {[%clk 00:09:09]} {[%emt
00:00:02]} Ra6 {[%clk 00:07:23]} {[%emt 00:00:11]} 29. Bxc7 {[%clk 00:08:37]}
{[%emt 00:01:02]} gxf4 {[%clk 00:05:32]} {[%emt 00:02:21]} 30. Rxf4 {[%clk
00:08:43]} Rxa2 {[%clk 00:05:28]} {[%emt 00:00:58]} 31. Ref1 {[%clk 00:05:06]}
{[%emt 00:04:07]} Ne6 {[%clk 00:03:12]} {[%emt 00:02:46]} 32. Nxe6 {[%clk
00:05:06]} {[%emt 00:00:31]} Rxe6 {[%clk 00:02:57]} {[%emt 00:00:45]} 33. c4
{[%clk 00:03:34]} {[%emt 00:02:02]} a5 {[%clk 00:01:35]} {[%emt 00:01:53]} 34.
Rxf7 {[%clk 00:01:41]} {[%emt 00:02:23]} a4 {[%clk 00:01:53]} {[%emt 00:00:12]}
35. R7f3 {[%clk 00:01:02]} {[%emt 00:01:08]} Rc2 {[%clk 00:02:06]} {[%emt
00:00:17]} 36. Rg3 {[%clk 00:00:41]} {[%emt 00:00:51]} Rxc4 {[%clk 00:02:22]}
{[%emt 00:00:14]} 37. Bd8 {[%clk 00:00:59]} {[%emt 00:00:12]} Kh8 {[%clk
00:01:26]} {[%emt 00:01:25]} 38. h3 {[%clk 00:01:08]} {[%emt 00:00:22]} Bxe5
{[%clk 00:01:44]} {[%emt 00:00:12]} 39. Re3 {[%clk 00:01:23]} {[%emt 00:00:15]}
Rcc6 {[%clk 00:01:47]} {[%emt 00:00:27]} 40. Rfe1 {[%clk 00:01:26]} {[%emt
00:00:27]} a3 {[%clk 00:00:39]} {[%emt 00:01:38]} 41. Rxe5 {[%clk 00:01:35]}
{[%emt 00:00:21]} Rxe5 {[%clk 00:00:59]} {[%emt 00:00:10]} 42. Rxe5 {[%clk
00:02:04]} Rc1+ {[%clk 00:00:44]} {[%emt 00:00:45]} 43. Kh2 {[%clk 00:02:33]}
{[%emt 00:00:01]} a2 {[%clk 00:01:05]} {[%emt 00:00:09]} 44. Ra5 {[%clk
00:02:40]} {[%emt 00:00:22]} 1-0

[Event "25th 4NCL Congress"]
[Site "Leamington Spa, United Kingdom"]
[Date "2021.07.11"]
[Round "5.2"]
[White "Jones, Steven A"]
[Black "Balaji, Aaravamudhan"]
[Result "0-1"]
[TimeControl "All moves in 90 minutes + 30 seconds per move"]
[WhiteElo "2219"]
[BlackElo "2206"]

1. e4 {[%clk 01:30:49]} {[%emt 00:00:09]} e5 {[%clk 01:30:58]} {[%emt
00:00:03]} 2. Nf3 {[%clk 01:30:53]} {[%emt 00:00:25]} Nc6 {[%clk 01:31:25]}
{[%emt 00:00:04]} 3. Bc4 {[%clk 01:30:42]} {[%emt 00:00:40]} Nf6 {[%clk
01:31:51]} {[%emt 00:00:05]} 4. d4 {[%clk 01:30:56]} {[%emt 00:00:16]} exd4
{[%clk 01:31:30]} {[%emt 00:00:50]} 5. e5 {[%clk 01:30:58]} {[%emt 00:00:30]}
d5 {[%clk 01:31:50]} {[%emt 00:00:10]} 6. Bb5 {[%clk 01:31:22]} {[%emt
00:00:05]} Ne4 {[%clk 01:32:12]} {[%emt 00:00:08]} 7. Nxd4 {[%clk 01:31:42]}
{[%emt 00:00:10]} Bd7 {[%clk 01:30:44]} {[%emt 00:01:58]} 8. Bxc6 {[%clk
01:31:39]} {[%emt 00:00:33]} bxc6 {[%clk 01:29:52]} {[%emt 00:01:22]} 9. O-O
{[%clk 01:31:58]} {[%emt 00:00:11]} Bc5 {[%clk 01:29:04]} {[%emt 00:01:18]} 10.
f3 {[%clk 01:32:04]} {[%emt 00:00:24]} Ng5 {[%clk 01:29:00]} {[%emt 00:00:34]}
11. f4 {[%clk 01:32:28]} {[%emt 00:00:06]} Ne4 {[%clk 01:29:14]} {[%emt
00:00:15]} 12. Be3 {[%clk 01:32:50]} {[%emt 00:00:08]} Qb8 {[%clk 01:28:07]}
{[%emt 00:01:37]} 13. Nc3 {[%clk 01:27:49]} {[%emt 00:05:31]} Qxb2 {[%clk
01:22:55]} {[%emt 00:05:42]} 14. Nxe4 {[%clk 01:22:38]} {[%emt 00:05:41]} dxe4
{[%clk 01:22:59]} {[%emt 00:00:26]} 15. Qd2 {[%clk 01:18:25]} {[%emt 00:04:43]}
Qb4 {[%clk 01:10:07]} {[%emt 00:13:22]} 16. Qf2 {[%clk 01:15:52]} {[%emt
00:03:03]} Qc4 {[%clk 01:00:45]} {[%emt 00:09:53]} 17. Rfd1 {[%clk 01:05:49]}
{[%emt 00:10:32]} Bg4 {[%clk 00:51:40]} {[%emt 00:09:35]} 18. Rd2 {[%clk
01:04:19]} {[%emt 00:02:00]} Rd8 {[%clk 00:44:57]} {[%emt 00:07:14]} 19. f5
{[%clk 00:58:56]} {[%emt 00:05:53]} Bxd4 {[%clk 00:39:57]} {[%emt 00:05:29]} 20.
Bxd4 {[%clk 00:57:52]} {[%emt 00:01:34]} c5 {[%clk 00:38:51]} {[%emt 00:01:37]}
21. Be3 {[%clk 00:52:07]} {[%emt 00:06:14]} Rxd2 {[%clk 00:37:53]} {[%emt
00:01:28]} 22. Bxd2 {[%clk 00:52:17]} {[%emt 00:00:20]} Bxf5 {[%clk 00:36:27]}
{[%emt 00:01:56]} 23. Rb1 {[%clk 00:51:33]} {[%emt 00:01:14]} O-O {[%clk
00:31:55]} {[%emt 00:05:02]} 24. Be3 {[%emt 00:08:46]} Qxa2 {[%clk 00:26:30]}
{[%emt 00:00:01]} 25. Rb7 {[%clk 00:49:12]} {[%emt 00:00:29]} Qa1+ {[%clk
00:24:39]} {[%emt 00:02:21]} 26. Qf1 {[%clk 00:49:38]} {[%emt 00:00:04]} Qxe5
{[%clk 00:24:26]} {[%emt 00:00:43]} 27. Qc4 {[%clk 00:47:48]} {[%emt 00:02:19]}
h6 {[%clk 00:07:55]} {[%emt 00:17:02]} 28. Qxc5 {[%clk 00:45:44]} {[%emt
00:02:34]} Qxc5 {[%clk 00:07:06]} {[%emt 00:01:19]} 29. Bxc5 {[%clk 00:46:07]}
{[%emt 00:00:07]} Rd8 {[%clk 00:07:14]} {[%emt 00:00:23]} 30. Rxa7 {[%clk
00:44:54]} {[%emt 00:01:43]} Rd1+ {[%clk 00:07:08]} {[%emt 00:00:37]} 31. Kf2
{[%clk 00:45:16]} {[%emt 00:00:07]} Rd2+ {[%clk 00:06:24]} {[%emt 00:01:14]} 32.
Kg3 {[%clk 00:45:19]} {[%emt 00:00:27]} c6 {[%clk 00:06:19]} {[%emt 00:00:35]}
33. Ra2 {[%clk 00:41:42]} {[%emt 00:04:06]} e3 {[%clk 00:05:02]} {[%emt
00:01:47]} 34. Bxe3 {[%clk 00:41:59]} {[%emt 00:00:13]} Rxc2 {[%clk 00:05:31]}
{[%emt 00:00:02]} 35. Rxc2 {[%clk 00:42:10]} {[%emt 00:00:20]} Bxc2 {[%clk
00:06:00]} {[%emt 00:00:01]} 36. Kf4 {[%clk 00:39:50]} {[%emt 00:02:49]} f6
{[%clk 00:05:48]} {[%emt 00:00:42]} 37. h4 {[%clk 00:39:38]} {[%emt 00:00:41]}
Kf7 {[%clk 00:04:31]} {[%emt 00:01:48]} 38. Bc5 {[%clk 00:39:53]} {[%emt
00:00:15]} g5+ {[%clk 00:04:28]} {[%emt 00:00:34]} 39. Kg4 {[%clk 00:38:59]}
{[%emt 00:01:24]} Kg6 {[%clk 00:04:10]} {[%emt 00:00:48]} 40. g3 {[%clk
00:38:41]} {[%emt 00:00:47]} Be4 {[%clk 00:03:36]} {[%emt 00:01:03]} 41. Kh3
{[%clk 00:37:11]} {[%emt 00:02:00]} Kh5 {[%clk 00:03:05]} {[%emt 00:01:00]} 42.
Bf8 {[%clk 00:36:58]} {[%emt 00:00:44]} Bf3 {[%clk 00:02:08]} {[%emt 00:01:27]}
43. Be7 {[%clk 00:36:32]} {[%emt 00:00:56]} Kg6 {[%clk 00:02:15]} {[%emt
00:00:23]} 44. Bf8 {[%clk 00:35:52]} {[%emt 00:01:10]} h5 {[%clk 00:02:19]}
{[%emt 00:00:26]} 45. Kh2 {[%clk 00:36:04]} {[%emt 00:00:18]} Kf5 {[%clk
00:02:36]} {[%emt 00:00:13]} 46. hxg5 {[%clk 00:33:11]} {[%emt 00:03:23]} fxg5
{[%clk 00:02:56]} {[%emt 00:00:10]} 47. Kg1 {[%clk 00:33:30]} {[%emt 00:00:11]}
Kg4 {[%clk 00:02:46]} {[%emt 00:00:41]} 48. Kf2 {[%clk 00:33:29]} {[%emt
00:00:30]} h4 {[%clk 00:02:17]} {[%emt 00:00:59]} 49. gxh4 {[%clk 00:33:51]}
{[%emt 00:00:08]} gxh4 {[%clk 00:02:46]} 50. Bd6 {[%clk 00:33:31]} {[%emt
00:00:50]} h3 {[%clk 00:01:45]} {[%emt 00:01:31]} 51. Ke3 {[%clk 00:33:32]}
{[%emt 00:00:29]} Bg2 {[%clk 00:01:10]} {[%emt 00:01:05]} 52. Kf2 {[%clk
00:32:25]} {[%emt 00:01:37]} Kf5 {[%clk 00:01:23]} {[%emt 00:00:17]} 53. Ke3
{[%clk 00:32:43]} {[%emt 00:00:13]} Ke6 {[%clk 00:01:39]} {[%emt 00:00:13]} 54.
Bb8 {[%clk 00:31:53]} {[%emt 00:01:20]} Kd5 {[%clk 00:01:46]} {[%emt 00:00:23]}
55. Ke2 {[%clk 00:31:12]} {[%emt 00:01:11]} Kc4 {[%clk 00:01:30]} {[%emt
00:00:46]} 56. Be5 {[%clk 00:30:52]} {[%emt 00:00:49]} Kb3 {[%clk 00:01:37]}
{[%emt 00:00:23]} 57. Kd2 {[%clk 00:30:38]} {[%emt 00:00:44]} c5 {[%clk
00:01:56]} {[%emt 00:00:12]} 58. Kc1 {[%clk 00:30:23]} {[%emt 00:00:45]} c4
{[%clk 00:02:18]} {[%emt 00:00:08]} 59. Kd2 {[%clk 00:30:29]} {[%emt 00:00:24]}
Ba8 {[%clk 00:01:37]} {[%emt 00:01:10]} 60. Bd6 {[%clk 00:29:59]} {[%emt
00:00:59]} c3+ {[%clk 00:01:47]} {[%emt 00:00:21]} 61. Kd3 {[%clk 00:30:19]}
{[%emt 00:00:11]} c2 {[%clk 00:01:56]} {[%emt 00:00:20]} 0-1

[Event "25th 4NCL Congress"]
[Site "Leamington Spa, United Kingdom"]
[Date "2021.07.11"]
[Round "5.3"]
[White "Arkell, Keith C"]
[Black "Verma, Aditya"]
[Result "1-0"]
[TimeControl "All moves in 90 minutes + 30 seconds per move"]
[WhiteElo "2381"]
[BlackElo "2169"]

1. d4 {[%clk 01:19:17]} {[%emt 00:11:42]} d5 {[%clk 01:30:56]} {[%emt
00:00:04]} 2. Nf3 {[%clk 01:19:44]} {[%emt 00:00:04]} Nf6 {[%clk 01:31:22]}
{[%emt 00:00:04]} 3. c4 {[%clk 01:20:06]} {[%emt 00:00:08]} c6 {[%clk
01:31:47]} {[%emt 00:00:04]} 4. Qc2 {[%clk 01:20:32]} {[%emt 00:00:05]} dxc4
{[%clk 01:32:07]} {[%emt 00:00:09]} 5. Qxc4 {[%clk 01:20:58]} {[%emt 00:00:04]}
Bf5 {[%clk 01:32:29]} {[%emt 00:00:08]} 6. g3 {[%clk 01:21:12]} {[%emt
00:00:17]} e6 {[%clk 01:32:27]} {[%emt 00:00:32]} 7. Bg2 {[%clk 01:21:38]}
{[%emt 00:00:04]} Nbd7 {[%clk 01:32:35]} {[%emt 00:00:21]} 8. O-O {[%clk
01:21:55]} {[%emt 00:00:13]} Be7 {[%clk 01:32:29]} {[%emt 00:00:36]} 9. Bg5
{[%clk 01:22:17]} {[%emt 00:00:08]} h6 {[%clk 01:25:07]} {[%emt 00:07:51]} 10.
Bxf6 {[%clk 01:22:42]} {[%emt 00:00:06]} Nxf6 {[%clk 01:24:59]} {[%emt
00:00:37]} 11. Nbd2 {[%clk 01:23:05]} {[%emt 00:00:07]} Ne4 {[%clk 01:20:30]}
{[%emt 00:04:58]} 12. Rfd1 {[%clk 01:22:23]} {[%emt 00:01:13]} O-O {[%clk
01:04:44]} {[%emt 00:16:16]} 13. Ne5 {[%clk 01:20:37]} {[%emt 00:02:17]} Nxd2
{[%clk 01:04:39]} {[%emt 00:00:34]} 14. Rxd2 {[%clk 01:21:02]} {[%emt
00:00:04]} Qa5 {[%clk 01:04:20]} {[%emt 00:00:49]} 15. Rdd1 {[%clk 01:20:35]}
{[%emt 00:00:58]} Rad8 {[%clk 01:02:51]} {[%emt 00:01:58]} 16. e3 {[%clk
01:16:49]} {[%emt 00:04:16]} Bd6 {[%clk 00:57:07]} {[%emt 00:06:11]} 17. Nd3
{[%clk 01:15:43]} {[%emt 00:01:38]} e5 {[%clk 00:41:37]} {[%emt 00:16:01]} 18.
Qc3 {[%clk 01:08:02]} {[%emt 00:08:10]} Qxc3 {[%clk 00:36:06]} {[%emt
00:06:01]} 19. bxc3 {[%clk 01:08:30]} {[%emt 00:00:04]} exd4 {[%clk 00:35:19]}
{[%emt 00:01:15]} 20. cxd4 {[%clk 01:06:28]} {[%emt 00:02:34]} Rfe8 {[%clk
00:35:11]} {[%emt 00:00:34]} 21. Rac1 {[%clk 01:04:54]} {[%emt 00:02:05]} Re7
{[%clk 00:27:24]} {[%emt 00:08:18]} 22. Rc3 {[%clk 01:03:38]} {[%emt 00:01:46]}
a6 {[%clk 00:21:52]} {[%emt 00:06:02]} 23. Rdc1 {[%clk 01:02:29]} {[%emt
00:01:39]} Be4 {[%clk 00:20:57]} {[%emt 00:01:25]} 24. Bxe4 {[%clk 01:02:12]}
{[%emt 00:00:48]} Rxe4 {[%clk 00:21:17]} {[%emt 00:00:10]} 25. Rb3 {[%clk
01:00:04]} {[%emt 00:02:38]} Re7 {[%clk 00:20:42]} {[%emt 00:01:05]} 26. Nc5
{[%clk 01:00:18]} {[%emt 00:00:17]} Bxc5 {[%clk 00:20:32]} {[%emt 00:00:39]} 27.
Rxc5 {[%clk 01:00:43]} {[%emt 00:00:06]} g6 {[%clk 00:19:24]} {[%emt 00:01:36]}
28. g4 {[%clk 01:00:57]} {[%emt 00:00:17]} Kg7 {[%clk 00:19:45]} {[%emt
00:00:10]} 29. Kg2 {[%clk 01:01:10]} {[%emt 00:00:16]} Rdd7 {[%clk 00:17:07]}
{[%emt 00:03:07]} 30. h4 {[%clk 01:01:23]} {[%emt 00:00:19]} Re6 {[%clk
00:16:51]} {[%emt 00:00:43]} 31. a4 {[%clk 00:59:41]} {[%emt 00:02:13]} Kf8
{[%clk 00:13:32]} {[%emt 00:03:48]} 32. a5 {[%clk 00:59:29]} {[%emt 00:00:44]}
Ke8 {[%clk 00:12:00]} {[%emt 00:02:01]} 33. f4 {[%clk 00:57:58]} {[%emt
00:02:01]} Kf8 {[%clk 00:09:44]} {[%emt 00:02:44]} 34. h5 {[%clk 00:57:56]}
{[%emt 00:00:34]} Kg7 {[%clk 00:07:58]} {[%emt 00:02:17]} 35. hxg6 {[%clk
00:58:08]} {[%emt 00:00:17]} fxg6 {[%clk 00:08:20]} {[%emt 00:00:07]} 36. Kf3
{[%clk 00:57:46]} {[%emt 00:00:52]} Kf6 {[%clk 00:07:04]} {[%emt 00:01:44]} 37.
Rb1 {[%clk 00:51:03]} {[%emt 00:07:16]} Rde7 {[%clk 00:05:59]} {[%emt
00:01:34]} 38. Re5 {[%clk 00:49:45]} {[%emt 00:01:49]} Rd7 {[%clk 00:04:55]}
{[%emt 00:01:34]} 39. Rh1 {[%clk 00:48:45]} {[%emt 00:01:29]} Rxe5 {[%clk
00:04:36]} {[%emt 00:00:50]} 40. dxe5+ {[%clk 00:49:04]} {[%emt 00:00:11]} Kg7
{[%clk 00:05:04]} {[%emt 00:00:04]} 41. e6 {[%clk 00:44:35]} {[%emt 00:04:57]}
Rd5 {[%clk 00:04:54]} {[%emt 00:00:40]} 42. Rxh6 {[%clk 00:44:11]} {[%emt
00:00:55]} Rxa5 {[%clk 00:04:44]} {[%emt 00:00:41]} 43. Rh7+ {[%clk 00:44:24]}
{[%emt 00:00:25]} 1-0

[Event "25th 4NCL Congress"]
[Site "Leamington Spa, United Kingdom"]
[Date "2021.07.11"]
[Round "5.4"]
[White "Merriman, John"]
[Black "Bin-Suhayl, Ieysaa"]
[Result "1-0"]
[TimeControl "All moves in 90 minutes + 30 seconds per move"]
[WhiteElo "2246"]
[BlackElo "2223"]

1. d4 {[%clk 01:30:30]} {[%emt 01:16:49]} Nf6 {[%clk 01:30:52]} {[%emt
00:00:09]} 2. c4 {[%clk 01:31:25]} {[%emt 00:00:04]} e6 {[%clk 01:31:11]}
{[%emt 00:00:11]} 3. Nc3 {[%clk 01:31:49]} {[%emt 00:00:07]} Bb4 {[%clk
01:30:44]} {[%emt 00:00:56]} 4. e3 {[%clk 01:32:14]} {[%emt 00:00:04]} O-O
{[%clk 01:31:06]} {[%emt 00:00:09]} 5. Nge2 {[%clk 01:32:40]} {[%emt 00:00:04]}
Re8 {[%clk 01:31:31]} {[%emt 00:00:04]} 6. a3 {[%clk 01:32:44]} {[%emt
00:00:25]} Bf8 {[%clk 01:31:55]} {[%emt 00:00:07]} 7. Ng3 {[%clk 01:31:35]}
{[%emt 00:01:40]} d5 {[%clk 01:31:42]} {[%emt 00:00:42]} 8. Qc2 {[%clk
01:31:17]} {[%emt 00:00:48]} b6 {[%clk 01:31:00]} {[%emt 00:01:14]} 9. b4
{[%clk 01:27:59]} {[%emt 00:03:47]} c6 {[%clk 01:18:18]} {[%emt 00:13:14]} 10.
Be2 {[%clk 01:27:08]} {[%emt 00:01:18]} a5 {[%clk 01:16:05]} {[%emt 00:02:44]}
11. b5 {[%clk 01:24:58]} {[%emt 00:02:40]} c5 {[%clk 01:16:30]} {[%emt
00:00:07]} 12. dxc5 {[%clk 01:17:58]} {[%emt 00:07:28]} bxc5 {[%clk 01:16:55]}
{[%emt 00:00:06]} 13. Bf3 {[%clk 01:17:06]} {[%emt 00:01:21]} Bb7 {[%clk
01:16:03]} {[%emt 00:01:22]} 14. O-O {[%clk 01:15:29]} {[%emt 00:02:06]} Nbd7
{[%clk 01:15:48]} {[%emt 00:00:46]} 15. cxd5 {[%clk 01:14:59]} {[%emt
00:01:01]} exd5 {[%clk 01:16:09]} {[%emt 00:00:08]} 16. Rd1 {[%clk 01:14:41]}
{[%emt 00:00:47]} Nb6 {[%clk 01:15:59]} {[%emt 00:00:41]} 17. Bb2 {[%clk
01:01:20]} {[%emt 00:13:51]} Qc7 {[%clk 01:12:21]} {[%emt 00:04:09]} 18. Na4
{[%clk 01:00:38]} {[%emt 00:01:11]} Nfd7 {[%clk 01:12:39]} {[%emt 00:00:13]} 19.
Nxb6 {[%clk 00:54:33]} {[%emt 00:06:35]} Nxb6 {[%clk 01:13:05]} {[%emt
00:00:04]} 20. e4 {[%clk 00:54:18]} {[%emt 00:00:44]} Red8 {[%clk 01:01:07]}
{[%emt 00:12:28]} 21. exd5 {[%clk 00:49:41]} {[%emt 00:05:07]} Nxd5 {[%clk
00:50:54]} {[%emt 00:10:43]} 22. Be4 {[%clk 00:38:51]} {[%emt 00:11:20]} Qb6
{[%clk 00:31:02]} {[%emt 00:20:22]} 23. Bxh7+ {[%clk 00:36:53]} {[%emt
00:02:29]} Kh8 {[%clk 00:31:29]} {[%emt 00:00:04]} 24. Be4 {[%clk 00:35:58]}
{[%emt 00:01:23]} Qxb5 {[%clk 00:29:37]} {[%emt 00:02:23]} 25. Rab1 {[%clk
00:34:03]} {[%emt 00:02:25]} Qa6 {[%clk 00:26:27]} {[%emt 00:03:38]} 26. Nf5
{[%clk 00:30:19]} {[%emt 00:04:17]} c4 {[%clk 00:21:01]} {[%emt 00:05:56]} 27.
Bd4 {[%clk 00:26:21]} {[%emt 00:04:28]} Bc6 {[%clk 00:16:51]} {[%emt 00:04:39]}
28. Rdc1 {[%clk 00:09:24]} {[%emt 00:17:28]} Rac8 {[%clk 00:11:33]} {[%emt
00:05:48]} 29. Qe2 {[%clk 00:04:21]} {[%emt 00:05:32]} Nf4 {[%clk 00:10:27]}
{[%emt 00:01:35]} 30. Qg4 {[%clk 00:04:13]} {[%emt 00:00:39]} Bxe4 {[%clk
00:08:49]} {[%emt 00:02:08]} 31. Bxg7+ {[%clk 00:04:29]} {[%emt 00:00:13]} Kg8
{[%clk 00:09:14]} {[%emt 00:00:06]} 32. Bxf8+ {[%clk 00:04:02]} {[%emt
00:00:58]} Ng6 {[%clk 00:08:48]} {[%emt 00:00:57]} 33. Qxe4 {[%clk 00:03:44]}
{[%emt 00:00:47]} Kxf8 {[%clk 00:09:15]} {[%emt 00:00:04]} 34. Qe3 {[%clk
00:03:46]} {[%emt 00:00:29]} Qf6 {[%clk 00:08:39]} {[%emt 00:01:06]} 35. g4
{[%clk 00:03:35]} {[%emt 00:00:39]} Nh4 {[%clk 00:07:22]} {[%emt 00:01:48]} 36.
Nxh4 {[%clk 00:02:19]} {[%emt 00:01:47]} Qxh4 {[%clk 00:07:43]} {[%emt
00:00:08]} 37. Qf4 {[%clk 00:02:45]} {[%emt 00:00:04]} c3 {[%clk 00:07:10]}
{[%emt 00:01:03]} 38. Rb7 {[%clk 00:02:39]} {[%emt 00:00:35]} f6 {[%clk
00:05:26]} {[%emt 00:02:16]} 39. Rc2 {[%clk 00:00:52]} {[%emt 00:02:16]} Rd1+
{[%clk 00:04:22]} {[%emt 00:01:35]} 40. Kg2 {[%clk 00:01:18]} {[%emt 00:00:04]}
Rd3 {[%clk 00:04:38]} {[%emt 00:00:12]} 41. f3 {[%clk 00:00:54]} {[%emt
00:00:55]} Rcd8 {[%clk 00:04:26]} {[%emt 00:00:42]} 42. Rb8 {[%clk 00:01:16]}
{[%emt 00:00:08]} Rxb8 {[%clk 00:04:04]} {[%emt 00:00:52]} 43. Qxb8+ {[%clk
00:01:44]} {[%emt 00:00:03]} Kg7 {[%clk 00:04:27]} {[%emt 00:00:05]} 44. Qc7+
{[%clk 00:01:42]} {[%emt 00:00:33]} Kh6 {[%clk 00:02:53]} {[%emt 00:02:04]} 45.
Qf4+ {[%clk 00:01:33]} {[%emt 00:00:39]} Kg7 {[%clk 00:03:13]} {[%emt
00:00:09]} 46. Re2 {[%clk 00:01:31]} {[%emt 00:00:32]} Qg5 {[%clk 00:01:31]}
{[%emt 00:02:13]} 47. Qc7+ {[%clk 00:01:04]} {[%emt 00:00:58]} Kh6 {[%clk
00:01:30]} {[%emt 00:00:27]} 48. Kg3 {[%clk 00:00:40]} {[%emt 00:00:57]} Qd5
{[%clk 00:01:27]} {[%emt 00:00:34]} 49. Qf4+ {[%clk 00:00:47]} {[%emt
00:00:24]} Kg6 {[%clk 00:01:48]} {[%emt 00:00:08]} 50. h4 {[%clk 00:01:03]}
{[%emt 00:00:12]} Rd4 {[%clk 00:00:43]} {[%emt 00:01:36]} 51. h5+ {[%clk
00:01:17]} {[%emt 00:00:15]} Kf7 {[%clk 00:01:10]} {[%emt 00:00:04]} 52. Qc7+
{[%clk 00:01:31]} {[%emt 00:00:16]} Kf8 {[%clk 00:01:19]} {[%emt 00:00:20]} 53.
Qe7+ {[%clk 00:01:29]} {[%emt 00:00:33]} Kg8 {[%clk 00:01:46]} {[%emt
00:00:04]} 54. Qe8+ {[%clk 00:01:54]} {[%emt 00:00:04]} Kg7 {[%clk 00:02:10]}
{[%emt 00:00:06]} 55. Re7+ {[%clk 00:02:14]} {[%emt 00:00:09]} 1-0

[Event "25th 4NCL Congress"]
[Site "Leamington Spa, United Kingdom"]
[Date "2021.07.11"]
[Round "5.5"]
[White "Davies, Nigel R"]
[Black "Burrows, Nick"]
[Result "1-0"]
[TimeControl "All moves in 90 minutes + 30 seconds per move"]
[WhiteElo "2483"]
[BlackElo "1947"]

1. d4 {[%clk 01:30:52]} {[%emt 00:00:06]} e6 {[%clk 01:28:47]} {[%emt
00:02:15]} 2. Nf3 {[%clk 01:31:02]} {[%emt 00:00:18]} f5 {[%clk 01:28:57]}
{[%emt 00:00:21]} 3. e3 {[%clk 01:30:30]} {[%emt 00:01:02]} Nf6 {[%clk
01:29:08]} {[%emt 00:00:20]} 4. Be2 {[%clk 01:30:54]} {[%emt 00:00:05]} d5
{[%clk 01:28:07]} {[%emt 00:01:32]} 5. c4 {[%clk 01:31:09]} {[%emt 00:00:15]}
c6 {[%clk 01:28:14]} {[%emt 00:00:22]} 6. O-O {[%clk 01:31:30]} {[%emt
00:00:08]} Bd6 {[%clk 01:26:13]} {[%emt 00:02:33]} 7. b3 {[%clk 01:31:54]}
{[%emt 00:00:04]} Nbd7 {[%clk 01:23:21]} {[%emt 00:03:24]} 8. Ba3 {[%clk
01:32:13]} {[%emt 00:00:10]} Bxa3 {[%clk 01:22:42]} {[%emt 00:01:10]} 9. Nxa3
{[%clk 01:32:37]} {[%emt 00:00:04]} Ne4 {[%clk 01:22:08]} {[%emt 00:01:04]} 10.
Qc2 {[%clk 01:32:38]} {[%emt 00:00:28]} Qf6 {[%clk 01:22:04]} {[%emt 00:00:35]}
11. b4 {[%clk 01:30:45]} {[%emt 00:02:24]} O-O {[%clk 01:21:43]} {[%emt
00:00:51]} 12. b5 {[%clk 01:24:40]} {[%emt 00:06:35]} g5 {[%clk 01:13:41]}
{[%emt 00:08:30]} 13. bxc6 {[%clk 01:23:45]} {[%emt 00:01:26]} bxc6 {[%clk
01:13:17]} {[%emt 00:00:55]} 14. Rab1 {[%clk 01:07:10]} {[%emt 00:17:04]} g4
{[%clk 01:09:01]} {[%emt 00:04:47]} 15. Ne1 {[%clk 01:04:43]} {[%emt 00:02:58]}
Qh4 {[%clk 01:04:01]} {[%emt 00:05:29]} 16. Nd3 {[%clk 01:01:03]} {[%emt
00:04:10]} Ng5 {[%clk 00:55:58]} {[%emt 00:08:32]} 17. cxd5 {[%clk 00:59:09]}
{[%emt 00:02:25]} Rf6 {[%clk 00:47:11]} {[%emt 00:09:17]} 18. g3 {[%clk
00:58:55]} {[%emt 00:00:43]} Nh3+ {[%clk 00:40:48]} {[%emt 00:06:55]} 19. Kg2
{[%clk 00:58:41]} {[%emt 00:00:44]} Qh5 {[%clk 00:40:35]} {[%emt 00:00:42]} 20.
Qxc6 {[%clk 00:58:08]} {[%emt 00:01:04]} Rh6 {[%clk 00:34:33]} {[%emt
00:06:31]} 21. Rh1 {[%clk 00:58:32]} {[%emt 00:00:05]} 1-0